| 000 | 00338nam a22001097a 4500 | ||
|---|---|---|---|
| 999 |
_c519234 _d519234 |
||
| 082 | _aPKP B3 B469n/2020 | ||
| 100 |
_aBhattacharya, Mohit _929921 |
||
| 245 |
_aNew Horizons of _bPublic Administration _cby Mohit Bhattacharya |
||
| 260 |
_aNew Delhi _bJawahar Publication _c2020 |
||
| 300 | _a417p. | ||
| 650 |
_aPublic administration _929922 |
||